Statistics for A-Z: Chemistry

Click here to take the quiz!

General Stats

  • This quiz has been taken 104 times
  • The average score is 19 of 26

Answer Stats

HintAnswer% Correct
Element that is the basis of all living thingsCCarbon
99%
Unit of energyJJoule
97%
An electrically charged atomIIon
94%
Element used in toothpasteFFluorine
93%
Temperature scale named after a lordKKelvin
93%
Part of an atom without electronsNNucleus
90%
Radioactive element found in pitchblendeUUranium
86%
Noble gas used in camera flashesXXenon
86%
Element combined with copper to make brassZZinc
86%
Element used as a form of poison with atomic number 33AArsenic
84%
Grey element with the atomic number 12MMagnesium
83%
Bromine is a member of this groupHHalogen
80%
Pyrite is known as "Fool's -"GGold
79%
Molecule which is essential for lifeWWater
78%
4th lightest elementBBeryllium
77%
Mineral that is commonly used for wristwatchesQQuartz
74%
Element used in light bulb filaments, with the highest melting point of all known elementsTTungsten
70%
Element used as an alloy to strengthen steelVVanadium
66%
Common name for trioxygenOOzone
64%
Nuclear element common in power plantsPPlutonium
62%
Element used as a semiconductor in electronic devicesSSilicon
61%
Chemical decomposition produced by passing an electric current through a liquid or solutionEElectrolysis
59%
Technique that is commonly used to filter clean water from saltwaterDDistillation
57%
Silvery-metallic transition metal, atomic number 39YYttrium
57%
French chemist who devised the laws of Combustion, Conservation of Mass, and RespirationLAntoine Lavoisier
29%
Element named after the inventor of x raysRRoentgenium
28%

Score Distribution

Percentile by Number Answered

Percent of People with Each Score

Your Score History

You have not taken this quiz